| 000 | 00609nam a2200229Ia 4500 | ||
|---|---|---|---|
| 003 | OSt | ||
| 005 | 20221007075205.0 | ||
| 006 | a|||||r|||| 00| 0 | ||
| 007 | ta | ||
| 008 | 221006b |||||||| |||| 00| 0 eng d | ||
| 024 | _a18,169 | ||
| 037 | _cTextual | ||
| 040 |
_aFLL _cFLL _beng |
||
| 041 |
_2eng _aeng |
||
| 082 | _aY6:Z2, M2 | ||
| 100 |
_aIyer V.R.Krishna Au. _9593435 |
||
| 245 | 0 | _aLaw, justice and the disabled | |
| 260 |
_aNew Delhi _bDeep & Deep Pub. India _c1982 |
||
| 300 |
_a156p _ccm. |
||
| 942 |
_hY6:Z2, M2 _cTEXL _2CC |
||
| 999 |
_c1155133 _d1155133 |
||